Characters - Hunger Games: Sunrise on the Reaping - Statistics

General Stats
  • This quiz has been taken 89 times
  • The average score is 23 of 31
Answer Stats
Hint Answer % Correct
Principal protagonist, he is the victor of the second Quarter Quell Haymitch Abernathy
99%
Panem's President Coriolanus Snow
97%
Director of the filming crew in District 12, he would later become Head Gamemaker for the 3rd Quarter Quell. Plutarch Heavensbee
96%
Protagonist's girlfriend, she's a Covey Lenore Dove
95%
Female preparator's sister, she would later become District 12's escort. Effie Trinket
92%
His brother Sid Abernathy
91%
Female tribute from the Twelve, she died before the Games even began. Louella McCoy
88%
Little girl probably from the Eleven, she replaced the female tribute of the Twelve who died before the Games Lou Lou
88%
Male tribute from the Three, he was reaped because of his father. He was 12 years old. Ampert
87%
Victor of the 34th Hunger Games, father of the District Three's 12 years old male Beetee Latier
87%
District 12's mentor, she won the 11th Hunger Games, comes from the Four and participated in the 3rd Quarter Quell Mags Flanagan
86%
District 12's mentor, she won the 49th Hunger Games, comes from the Three and participated in the 3rd Quarter Quell Wiress
86%
Male tribute from the Twelve, he dies in the bloodbath Wyatt Callow
86%
Escort of District 12, she has a dreadful fashion sense Drusilla Sickle
84%
Female tribute from the Twelve, she would finish 4th in the Quarter Quell Maysilee Donner
82%
Protagonist's friend and Katniss' father Burdock Everdeen
79%
Her sister, she would later become Madge's mother Merrilee Donner
78%
Female tribute from the One, she is the last to die in the Games Silka
77%
Protagonist's friend and Katniss' mother Asterid March
74%
Host of the Hunger Games, he interviewed all the tributes Caesar Flickerman
74%
Stylist and the escort's husband Magno Stift
74%
One of the girlfriend's uncles, he made the mockingjay pin Tam Amber
73%
Male tribute from the One, he is a "career" hated by the protagonists Panache Barker
62%
Female tribute from the Six, she was decapitated by One's female tribute Wellie
62%
One of the girlfriend's uncles, the protagonist says that he doesn't know love whereas he is having a relation with a man for 30 years Clerk Carmine
61%
Male tribute from the Twelve, he tried to escape the reaping but got executed and replaced by the protagonist Woodbine Chance
60%
Female member of the preparation team of District 12's tributes Proserpina Trinket
47%
Old woman, she pays the protagonist for selling alcohol Hattie
40%
Protagonist's friend, we don't know much about him Blair
38%
Male member of the preparation team of District 12's tributes Vitus
38%
Young attendant, he gave the District 12 tributes sandwiches Tibby
21%
No matching quizzes found
Score Distribution
Percent of People with Each Score
Percentile by Number Answered
Your Score History
You have not taken this quiz